Ładuje się......

School library : Library in the field of education

Opis bibliograficzny
1. autor: Ramanujan nair
Format: Printed Book
Wydane: TVM wRITERS CLUB 1976
LEADER 00314nam a22000977a 4500
100 |a Ramanujan nair 
245 |a School library : Library in the field of education 
260 |a TVM  |b wRITERS CLUB  |c 1976 
942 |c BK 
999 |c 19317  |d 19317 
952 |0 0  |1 0  |4 0  |7 0  |9 21788  |a CAMPUS  |b CAMPUS  |d 2017-09-19  |l 0  |p Co.0027  |r 2017-09-19  |w 2017-09-19  |y BK